000
00277nam a2200097Ia 4500
001
642021
005
20250826153518.0
008
250824s9999 xx 000 0 und d
245
0
_a
KALBİMİN EFENDİSİ 2 PEYGAMBERİMİZİN MEKKE DÖNEMİ
_c
SALİH SURUÇ
260
_b
GENÇ TİMAŞ
999
_c
642021
_d
642021